000 00930nam a2200265Ia 4500
003 OSt
005 20220923211304.0
006 a|||||r|||| 00| 0
007 ta
008 220922b |||||||| |||| 00| 0 hin d
020 _a9788179171844 (hbk)
_c350
024 _a262,130
037 _b69, 02/07/2012, Eastern Book Linkers
_cTextual
040 _aARTS
_cARTS
_bhin
041 _2hin
_ahin
082 _aX.1, 152Q1
100 _aमिश्र, गिरीश
_9156290
245 0 _aबाजारः अतीत और वर्तमान
246 _aBājārah atīt aur vartamāna
260 _aदिल्ली
_b ग्रंथ शिल्पी
_c2011
300 _a174पृ.
_ccm.
650 _aभारतीय अर्थव्यवस्था
942 _hX.1, 152Q1
_cTEXL
_2CC
999 _c298155
_d298155